000 04501nam a22003137a 4500
003 OSt
005 20260515120239.0
008 260121b |||||||| |||| 00| 0 eng d
022 _a0969-5931
022 _a1873-6149
040 _aTBS
_bEN
_cTBS
041 _aeng
100 _aJean, Ruey-Jer
_qBryan
_927014
_eauthor
245 _aDrivers and performance implications of international key account management capability
_c/ Ruey-Jer “Bryan” Jean, Rudolf R. Sinkovics, Daekwan Kim, Yong Kyu Lew.
260 _bInternational Business Review,
_c2015
300 _a543-555 pages.
362 _aInternational business review, 2015-08, Vol.24 (4), p.543-555
520 _aKey account management plays a pivotal role for managers and practitioners in the maintenance of successful customer–supplier relationships. Yet, little is known conceptually or empirically about how suppliers can move beyond market scanning and develop international key account management capabilities in international customer–supplier relationships. Drawing from the dynamic capability literature, we develop and test a model of antecedents and performance implications of suppliers’ international key account management capabilities. In addition, the moderating effects of cultural distance and supplier information technology advancement are examined. An analysis of 246 Taiwanese electronics suppliers reveals that market scanning and trust are recognized as critical to the development of suppliers’ international key account management capabilities. Moreover, these key account management capabilities can facilitate suppliers’ market performance. Importantly, cultural distance and suppliers’ IT advancement moderate the impact of market scanning on the development of key account management in international exchange relationships.
630 0 _aMSc International Business
_926977
650 0 _aBusiness logistics
_92448
650 0 _aBusiness management
_9707
650 0 _aIndustrial management
_920469
650 0 _aInformation technology
_93592
700 _aSinkovics, Rudolf R.
_927015
_eauthor
700 _aKim, Daekwan
_927016
_eauthor
700 _aLew, Yong Kyu
_927017
_eauthor
856 _uhttps://pdf.sciencedirectassets.com/271686/1-s2.0-S0969593115X00047/1-s2.0-S0969593114001619/main.pdf?X-Amz-Security-Token=IQoJb3JpZ2luX2VjEMX%2F%2F%2F%2F%2F%2F%2F%2F%2F%2FwEaCXVzLWVhc3QtMSJHMEUCIQDbZ3E2xc0kyjFOU9vetDJKK6IrurmxE8t98zU%2B4DwBvQIgGbs2lSbFu8J5z84BBKSwKY%2BpRF1xSu9spPQGBa3Dr38quwUIjv%2F%2F%2F%2F%2F%2F%2F%2F%2F%2FARAFGgwwNTkwMDM1NDY4NjUiDG8ZPjFfBWEEqTbmkCqPBYSOWjMPYiWCzG1XhBQJJTmDeSbwFh5npJ0rjQO%2BPaaf6Sixrf3%2ByR8EPYf36sIpwtrZCj422b9tmf6%2FZJnfB5oDr4zLMJ1kQC06SjN8D72zO4UNSL1adQgZxofabrdUOMw%2FceMsNo1kQ3W0qJOBNHzSxLBYBMOBQJs2fWc89w%2F%2F4%2FYE2dGdypIowKO70t43hIvUmP7qyAqogv28mY9lMqIh4TLr7eX7HnS1s53iqye7NYEcn1VSP%2FbFt1E4HEH3buMg1R%2BkBzRvPyPPDca3Z%2F9KUGBoZaVZqp%2BY%2FCf%2FJeZjoOvp0Gs2m%2BEngmCtl8Q6F37Z501BTuWz2r0%2FqRGnorS6RPKub3MxmW9d6kFrX5hc6fBaR28ItFp3QMB%2B3wRzH43tpdKI6kAcxL7CzVSGkXxK2IK3JSLZnLdee3okYrGhwewue%2FPQ6Oz5aCuf6MvKqJA77nCAFR0fUMX3hKnX30%2BlsK4eb8eBn7jULW%2BS0%2B4HIlvlfp5PzfQNouvvanamm6OS8z3106rx4CcU21fZM5T5ORpsQIOqpS0gO%2FHv4ze9qnzKpUGwZlT3DxkXiRZdHmGNI31ea6Pv4jMWIEYlg7voMTeNn9HABZc5Fih0uWs%2Bm3360ib7juhc8RRrnMvGQEcYTBLUO7raH1bmDJpJmIpHtodC%2Blyh5DvghjFLNOTNc%2BXzg3%2FtmhNUjUOK3U7EjEhwSOZtYDp2jHVvywi4V%2FSMPEJmmrerRZND83hrlB7f3oJhR46X8KkwQctBQPHyKWgZUl28Et0elqxs8yFBfpSJ2NjCyiDi0RYzVK3tp3%2BewUqxB2lJNTjwXTk6ZKBclYUClxFr4R1tJy111OuSIhma1%2B6wy%2FIxu0d1QtTJymowuqenzAY6sQGSpiAn4ybpFsVsdoNdv6z4wUZ%2BpH2IWTuNLhWLeUau%2FFGbkWXjZrRFqdhHbf4gwYd53ERHd272gAsOWD%2B8PhcrfDNVUBNB%2B%2BDV9g04uJEmO%2B5F5HgYQ7NSOhmpa2BDbh1f17D1SnRrMcJbIumxLsELqoDfwcbFYaSfwc9x5%2BVWm9eFibyd9JxNs%2F%2FDuE5sEVXqHHFDmob1yKKexfVPmiLy%2BqwXXLBLpJYjDjRCP0UrQwo%3D&X-Amz-Algorithm=AWS4-HMAC-SHA256&X-Amz-Date=20260209T132715Z&X-Amz-SignedHeaders=host&X-Amz-Expires=300&X-Amz-Credential=ASIAQ3PHCVTY472DF4FE%2F20260209%2Fus-east-1%2Fs3%2Faws4_request&X-Amz-Signature=948c7fe5df27a4e3f57ce956f92624e047cd26e4eb214b6db56af236964ee3d8&hash=a1e67b6c7d5193cedcc6aa0927e895bb88271f0509cab347b596451032796ba3&host=68042c943591013ac2b2430a89b270f6af2c76d8dfd086a07176afe7c76c2c61&pii=S0969593114001619&tid=spdf-25b9e98a-d596-4fb9-880e-e17718297b80&sid=a475499449fb7847374abaa1bcab5d500186gxrqb&type=client&tsoh=d3d3LXNjaWVuY2VkaXJlY3QtY29tLmh1Yi50YnMtZWR1Y2F0aW9uLmZy&rh=d3d3LXNjaWVuY2VkaXJlY3QtY29tLmh1Yi50YnMtZWR1Y2F0aW9uLmZy&ua=1c1d5c02005c005a5154&rr=9cb3b401aa43022d&cc=fr
942 _2lcc
999 _c5232
_d5232